<?xml version="1.0" encoding="UTF-8"?>
<record
    xmlns:xsi="http://www.w3.org/2001/XMLSchema-instance"
    xsi:schemaLocation="http://www.loc.gov/MARC21/slim http://www.loc.gov/standards/marcxml/schema/MARC21slim.xsd"
    xmlns="http://www.loc.gov/MARC21/slim">

  <leader>03269nam a22003137a 4500</leader>
  <datafield tag="999" ind1=" " ind2=" ">
    <subfield code="c">21762</subfield>
    <subfield code="d">21762</subfield>
  </datafield>
  <controlfield tag="003">DO-CoUTE</controlfield>
  <controlfield tag="005">20260204212647.0</controlfield>
  <controlfield tag="008">220630b        dr ||||| |||| 00| 0 spa d</controlfield>
  <datafield tag="040" ind1=" " ind2=" ">
    <subfield code="a">DO-CoUTE</subfield>
    <subfield code="b">spa</subfield>
    <subfield code="c">DO-CoUTE</subfield>
  </datafield>
  <datafield tag="041" ind1=" " ind2=" ">
    <subfield code="a">spa</subfield>
  </datafield>
  <datafield tag="092" ind1=" " ind2=" ">
    <subfield code="a">ING 2020 S15 </subfield>
  </datafield>
  <datafield tag="100" ind1="1" ind2=" ">
    <subfield code="a">S&#xE1;nchez Reynoso, Lisset Nicol</subfield>
    <subfield code="e">sustentantes</subfield>
  </datafield>
  <datafield tag="245" ind1="1" ind2=" ">
    <subfield code="a">Modelaci&#xF3;n de la cuenca hidrografica del rio cevicos para una gestion integral / </subfield>
    <subfield code="c">Lisset Nicol S&#xE1;nchez Reynoso, Laura Mar&#xED;a Rodr&#xED;guez Pe&#xF1;a, Sisley Orqu&#xED;dea Guzm&#xE1;n Francisco ;  asesor  Yenny Altagracia Rodr&#xED;guez Encarnaci&#xF3;n, Sumara del Carmen Borrom&#xE9; de Real</subfield>
  </datafield>
  <datafield tag="260" ind1=" " ind2=" ">
    <subfield code="a">Cotu&#xED;, Rep&#xFA;blica Dominicana : </subfield>
    <subfield code="b">UTECO, </subfield>
    <subfield code="c">2020</subfield>
  </datafield>
  <datafield tag="300" ind1=" " ind2=" ">
    <subfield code="a">xx, 73 hojas : </subfield>
    <subfield code="b">Fotos ; </subfield>
    <subfield code="c">29cm. </subfield>
    <subfield code="e">+ 1 CD-ROM </subfield>
  </datafield>
  <datafield tag="502" ind1=" " ind2=" ">
    <subfield code="a">Trabajo de grado (Licenciatura en Ingenier&#xED;a Civil)--Universidad Tecnol&#xF3;gica del Cibao Oriental, 2020.  </subfield>
  </datafield>
  <datafield tag="504" ind1=" " ind2=" ">
    <subfield code="a">Incluye referencia bibliogr&#xE1;fica e &#xED;ndice 
</subfield>
  </datafield>
  <datafield tag="505" ind1=" " ind2=" ">
    <subfield code="a">&#xCD;ndice -- declaraci&#xF3;n de autor&#xED;a -- agradecimientos -- dedicatorias--resumen -- Cap&#xED;tulo I: Introducci&#xF3;n -- Cap&#xED;tulo  II: Revisi&#xF3;n de literatura -- Cap&#xED;tulo III: Metodolog&#xED;a -- Cap&#xED;tulo IV: Presentaci&#xF3;n de los resultados -- Cap&#xED;tulo V: Discusi&#xF3;n y an&#xE1;lisis de los resultados </subfield>
  </datafield>
  <datafield tag="520" ind1=" " ind2=" ">
    <subfield code="a">El agua es esencial para la vida humana por lo que a nivel mundial existe una mayor preocupaci&#xF3;n ante la limitaci&#xF3;n de las reservas existentes y el agotamiento progresivo de los recursos naturales, muchas veces mal gestionado frente a la creciente demanda de la humanidad.

Esta investigaci&#xF3;n fue realizada en la cuenca del R&#xED;o Cevicos, el objetivo de este proyecto es, modelar la cuenca del r&#xED;o Cevicos para conocer el impacto de las actividades antr&#xF3;picas en la calidad de las aguas superficiales y subterr&#xE1;neas y proponer una alternativa para la gesti&#xF3;n integral.

Los m&#xE9;todos utilizados en esta investigaci&#xF3;n fueron descriptivos y explicativos. Se realizaron modelaciones en las cuales se reproduce el objeto de estudio mediante una representaci&#xF3;n de la realidad, as&#xED; como tambi&#xE9;n los riesgos geol&#xF3;gicos de la misma.

Se identific&#xF3; que la mayor fuente de contaminaci&#xF3;n en la cuenca del r&#xED;o Cevicos es el cementerio municipal, ubicado aguas arriba del R&#xED;o Cevicos.

El r&#xED;o Cevicos es necesario para apoyar el habitad de plantas y animales, y proporciona agua potable para las personas y la vida silvestre. La protecci&#xF3;n de los recursos naturales en la cuenca hidrogr&#xE1;fica es esencial para mantener la salud y el bienestar de la comunidad, tanto ahora como en el futuro.

Se propuso la construcci&#xF3;n de un nuevo cementerio en el municipio de Cevicos cumpliendo con todo lo establecido en las normativas concernientes para la construcci&#xF3;n de campos santos.
</subfield>
  </datafield>
  <datafield tag="650" ind1=" " ind2=" ">
    <subfield code="a">Modelaci&#xF3;n de la cuenca hidrografica </subfield>
  </datafield>
  <datafield tag="700" ind1="1" ind2=" ">
    <subfield code="a">Rodr&#xED;guez  Pe&#xF1;a, Laura Mar&#xED;a</subfield>
    <subfield code="e">sustentante </subfield>
  </datafield>
  <datafield tag="700" ind1="1" ind2=" ">
    <subfield code="a">Guzm&#xE1;n Francisco, Sisley Orquidea</subfield>
    <subfield code="e">sustentante </subfield>
  </datafield>
  <datafield tag="700" ind1="1" ind2=" ">
    <subfield code="a"> Fr&#xED;as Hern&#xE1;ndez, Freddy German </subfield>
    <subfield code="d">sustentante </subfield>
  </datafield>
  <datafield tag="700" ind1="1" ind2=" ">
    <subfield code="a">Rodr&#xED;guez Encarnaci&#xF3;n, Yenny Altagracia</subfield>
    <subfield code="d">asesor </subfield>
  </datafield>
  <datafield tag="700" ind1="1" ind2=" ">
    <subfield code="a">Borrom&#xE9; de Real, Sumara del Carmen</subfield>
    <subfield code="d">asesor </subfield>
  </datafield>
  <datafield tag="830" ind1=" " ind2=" ">
    <subfield code="a">Tesis y disertaciones acad&#xE9;micas (Universidad Tecnol&#xF3;gica del Cibao Oriental)</subfield>
  </datafield>
  <datafield tag="856" ind1=" " ind2=" ">
    <subfield code="y">Haga Click Aqu&#xED; para Descargar en Texto Completo</subfield>
  </datafield>
  <datafield tag="942" ind1=" " ind2=" ">
    <subfield code="2">LC</subfield>
    <subfield code="c">TH</subfield>
  </datafield>
  <datafield tag="952" ind1=" " ind2=" ">
    <subfield code="0">0</subfield>
    <subfield code="1">0</subfield>
    <subfield code="2">LC</subfield>
    <subfield code="4">0</subfield>
    <subfield code="7">3</subfield>
    <subfield code="8">eT</subfield>
    <subfield code="a">BU</subfield>
    <subfield code="b">BU</subfield>
    <subfield code="d">2022-06-30</subfield>
    <subfield code="i">21762</subfield>
    <subfield code="l">0</subfield>
    <subfield code="o">ING 2020 S15</subfield>
    <subfield code="p">21762</subfield>
    <subfield code="r">2022-06-30 00:00:00</subfield>
    <subfield code="t">Ej.1</subfield>
    <subfield code="w">2022-06-30</subfield>
    <subfield code="y">TH</subfield>
  </datafield>
</record>
